000 01850nam0a2200433 4500
001 RU\NLR\bibl\975309
005 20260409080516.0
010 _a5-17-037250-7
_bВ пер.
_97000
021 _aRU
_b2006-35991
_91803
035 _a(nilc)RSL-KNO-002896446
035 _a(NLR Aleph) 000963234
090 _a352751
_c352751
100 _a20060614d2006 |||y0rusy50 ca
101 0 _arus
102 _aRU
105 _ay |||||||||
106 _ar
200 1 _aКод Ветхого Завета
_fВладимир Бабанин
210 _aМосква
_cАСТ
_aСанкт-Петербург
_cСова
_d2006
215 _a766 с.
_cил., карт., табл.
_d24
225 1 _aТайны скинии Моисея
225 1 _aБольшая книга-сенсация
300 _aНа обл. авт. не указан
320 _aБиблиогр.: с. 763
320 _aДр. работы авт. в конце кн.
500 _aБиблия
_iВ.З.
_3RU\NLR\auth\553048
_92631015
605 _aБиблия
_iВетхий Завет
_xИсследование текста
_xОригинальные теории
_92392866
_3RU\NLR\auth\661426853
610 0 _aРелигия -- Христианство -- Библия -- Ветхий Завет -- Тексты и исследования текстов отдельных книг Ветхого Завета -- Пятикнижие -- Числа
686 _aЭ37-210.911,0
_2rubbk
686 _aЭ37-210.2
700 1 _4070
_8rus
_7ca
_aБабанин
_bВ. П.
_f1936-
_gВладимир Петрович
_3RU\NLR\auth\7730326
_913350
801 0 _aRU
_bРКП
_c20060614
_grcr
801 1 _aRU
_bРГБ
_c20060614
801 2 _aRU
_bNLR
_c20060816
_grcr
830 _aавт. по кн.
942 _cBOOK
980 _aNB